Big 4 Most Recent Playoff Teams Quiz Stats

Quiz Updated Jan 1, 2018

Challenge
Share
Tweet
Embed
Score 0/54 Timer 04:00
11 Plays Today
League Team % Correct
NFLNew England Patriots
92.6%
NFLPhiladelphia Eagles
91.5%
NFLMinnesota Vikings
85.2%
NBASan Antonio Spurs
84%
NFLPittsburgh Steelers
82.7%
MLBNew York Yankees
82.2%
NBAMiami Heat
82.2%
MLBHouston Astros
80.6%
NHLVegas Golden Knights
79.2%
MLBColorado Rockies
79.1%
NFLKansas City Chiefs
78.5%
MLBWashington Nationals
78.5%
MLBBoston Red Sox
78.4%
NFLJacksonville Jaguars
77.5%
NFLLos Angeles Rams
77.3%
NBACleveland Cavaliers
75.7%
MLBLos Angeles Dodgers
75.7%
NFLNew Orleans Saints
75.2%
MLBChicago Cubs
73.4%
MLBArizona Diamondbacks
71.4%
NFLCarolina Panthers
71.3%
NFLAtlanta Falcons
71%
MLBCleveland Indians
70.1%
NBAWashington Wizards
68.7%
NFLTennessee Titans
68.5%
NBAIndiana Pacers
68.2%
NBAPortland Trail Blazers
66.9%
League Team % Correct
MLBMinnesota Twins
66.2%
NBANew Orleans Pelicans
65.5%
NBAToronto Raptors
65.2%
NBAHouston Rockets
65.2%
NHLAnaheim Ducks
63.4%
NBABoston Celtics
61.3%
NFLBuffalo Bills
60.8%
NBAGolden State Warriors
59.4%
NBAMinnesota Timberwolves
59%
NHLTampa Bay Lightning
58.6%
NHLLos Angeles Kings
58.5%
NBAUtah Jazz
56.6%
NHLBoston Bruins
55.1%
NHLWashington Capitals
55%
NBAMilwaukee Bucks
54.9%
NHLSan Jose Sharks
53.1%
NHLMinnesota Wild
52.3%
NHLPhiladelphia Flyers
51.2%
NBAPhiladelphia 76ers
49.6%
NHLColorado Avalanche
48.7%
NBAOklahoma City Thunder
47.9%
NHLPittsburgh Penguins
44.7%
NHLToronto Maple Leafs
44.6%
NHLColumbus Blue Jackets
44.2%
NHLWinnipeg Jets
43.6%
NHLNew Jersey Devils
43.4%
NHLNashville Predators
41.5%

You're not logged in!

Compare scores with friends on all Sporcle quizzes.
Join for Free
OR
Log In

You Might Also Like...

Show Comments

Extras

Top Quizzes Today


Score Distribution

Your Account Isn't Verified!

In order to create a playlist on Sporcle, you need to verify the email address you used during registration. Go to your Sporcle Settings to finish the process.

Report this User

Report this user for behavior that violates our Community Guidelines.

Details: